The government role in civilian technology : Building a new alliance

שמור ב:
מידע ביבליוגרפי
פורמט: ספר
שפה:Undetermined
יצא לאור: Washington National Academy Press 1992
נושאים:
תגים: הוספת תג
אין תגיות, היה/י הראשונ/ה לתייג את הרשומה!
Thư viện lưu trữ: Trung tâm Học liệu Trường Đại học Cần Thơ
LEADER 00590nam a2200193Ia 4500
001 CTU_95473
008 210402s9999 xx 000 0 und d
082 |a 338.97306 
082 |b G687 
245 4 |a The government role in civilian technology : 
245 0 |b Building a new alliance 
245 0 |c Panel on the Government Role in Civilian Technology ... [et al.] 
260 |a Washington 
260 |b National Academy Press 
260 |c 1992 
650 |a Technology and state 
650 |z United States 
904 |i M.Loan 
980 |a Trung tâm Học liệu Trường Đại học Cần Thơ